Children as victims

Other Authors: Goodman, Anthony (Anthony Harvey), Kennison, Peter
Language:English
Published: Exeter: Learning Matters Ltd., 2008.
Series:Creating integrated services
Subjects:
LEADER 00814cam a2200229 7i4500
001 0000100624
005 20130905090000.0
008 130905s2008 -uk eng
020 # 0 |a 9781844451364  
090 0 0 |a HV 6626.5   |b .C4 2008 
245 0 0 |a Children as victims   |c [edited by] Peter Kennison, Anthony Goodman ; series editor: Jonathan Parker and Greta Bradley. 
260 # # |a Exeter:   |b Learning Matters Ltd.,   |c 2008. 
300 # # |a xiv, 178 p.;   |c 25 cm.. 
490 0 0 |a Creating integrated services 
504 0 0 |a Includes bibliographical references and index 
590 # # |a PPDSNZ 
650 0 0 |a Child abuse --   |x Prevention  
650 0 0 |a Abused children  
650 0 0 |a Child abuse  
700 1 1 |a Goodman, Anthony (Anthony Harvey)  
700 1 1 |a Kennison, Peter  
999 |a 1100090464  |b Book  |c Open Shelf  |e KOLEKSI TERBUKA